Clubs de la Ligue 1 au National 2 (2025-2026) - Statistiques

Statistiques générales
  • Ce quiz a été pris 112 fois
    42 depuis la dernière actualisation
  • Le résultat moyen est 48 sur 101
Statistiques - réponses
% Correct
Ligue 1 Olympique de Marseille
97%
Ligue 1 Paris Saint-Germain
97%
Ligue 1 Olympique Lyonnais
93%
Ligue 1 AJ Auxerre
90%
Ligue 1 OGC Nice
90%
Ligue 1 AS Monaco
86%
Ligue 2 AS Saint-Étienne
86%
Ligue 1 FC Lorient
86%
Ligue 1 LOSC
86%
Ligue 1 RC Lens
86%
Ligue 1 RC Strasbourg Alsace
86%
Ligue 2 Red Star
86%
Ligue 1 Stade Rennais
86%
Ligue 1 Angers SCO
83%
Ligue 1 FC Nantes
83%
Ligue 1 Le Havre
83%
Ligue 1 Paris FC
83%
Ligue 1 Toulouse FC
83%
Ligue 2 AS Nancy Lorraine
79%
Ligue 1 FC Metz
79%
Ligue 2 SC Bastia
79%
Ligue 1 Stade Brestois
76%
Ligue 2 US Boulogne
76%
Ligue 2 USL Dunkerque
76%
Ligue 2 Clermont Foot 63
72%
National FC Rouen
72%
National 2.A Girondins de Bordeaux
72%
National Valenciennes FC
72%
Ligue 2 Amiens SC
69%
Ligue 2 Grenoble Foot 38
69%
Ligue 2 Montpellier HSC
69%
Ligue 2 Stade de Reims
69%
Ligue 2 ESTAC
66%
National FC Sochaux
66%
Ligue 2 Le Mans FC
66%
Ligue 2 Pau FC
66%
National Dijon FCO
62%
Ligue 2 FC Annecy
62%
National FC Versailles
62%
National QRM
62%
Ligue 2 Rodez
62%
National SM Caen
62%
Ligue 2 Stade Lavallois
62%
National US Concarneau
59%
National US Orléans
59%
National 2.C Nîmes Olympique
55%
National Bourg-Péronnas
52%
National Le Puy FC
52%
Ligue 2 En Avant Guingamp
48%
National Paris 13 Atlético
48%
National SC Aubagne Air-Bel
48%
National Stade Briochin
48%
National FC Fleury 91
45%
National 2.C SC Toulon
45%
National 2.A VFC La Roche
45%
National FC Villefranche-Beaujolais
41%
National La Berrichonne de Châteauroux
41%
National 2.B SR Colmar
38%
National 2.C US Créteil Lusitanos
38%
National 2.C AS Cannes
34%
National 2.C FC93
34%
National 2.A VHF Les Herbiers
34%
National 2.A Angoulême Charente
31%
National 2.C Hyères FC
31%
National 2.C Istres FC
31%
National 2.B US Thionville Lusitanos
28%
National 2.B AS Beauvais
24%
National 2.C Etoile Frejus Saint-Raphaël
24%
National 2.C GOAL FC
24%
National 2.B SAS Epinal
24%
National 2.A Stade Poitevin
24%
National 2.A US Avranches
24%
National 2.B Wasquehal FC
24%
National 2.C AS Saint-Priest
21%
National 2.A Aviron Bayonnais
21%
National 2.A US Saint-Malo
21%
National 2.C Andrézieux-Bouthéon
17%
National 2.B Blois Football 41
17%
National 2.B Entente Feignies Aulnoye
17%
National 2.B FC Borgo
17%
National 2.B FC Chambly Oise
17%
National 2.B FC Dieppois
17%
National 2.C FC Limonest DSD
17%
National 2.B FCSR Haguenau
17%
National 2.B ASC Biesheim
14%
National 2.B AS Furiani-Agliani
14%
National 2.B Bourges FC
14%
National 2.C GFA Rumilly-Vallières
14%
National 2.A Olympique de Saumur
14%
National 2.C RC Pays de Grasse
14%
National 2.B US Chantilly
14%
National 2.A US Granville
14%
National 2.C US Lusitanos Saint-Maur
14%
National 2.A Dinan-Léhon FC
10%
National 2.C FC Rousset SVO
10%
National 2.A FC Chauray
7%
National 2.A FC Lorient II
7%
National 2.A FC Montlouis
7%
National 2.B Saint-Pryvé Saint-Hilaire
7%
National 2.A Voltigeurs de Châteaubriant
7%
National 2.A Saint-Colomban Locminé
3%
Aucun quiz correspondant
Distribution des résultats
% des personnes avec chaque résultat
Percentile par nombre de réponses
Votre historique - résultats
Vous n’avez pas pris ce quiz depuis la dernière actualisation